[Event "Voronezh op-B 23rd"]
[Site "Voronezh"]
[Date "2019.06.18"]
[Round "7"]
[White "Gashev, Matvei"]
[Black "Volodin, Konstantin"]
[Result "1-0"]
[WhiteElo "1968"]
[BlackElo "1726"]
[PlyCount "98"]
[EventDate "2019.06.12"]
[EventType "swiss"]
[EventRounds "9"]
[EventCountry "RUS"]
[SourceTitle "EXT 2020"]
[Source "ChessBase"]
[SourceDate "2019.10.17"]
[SourceVersion "1"]
[SourceVersionDate "2019.10.17"]
[SourceQuality "1"]

1. d4 Nf6 2. c4 e6 3. Nf3 c5 4. d5 exd5 5. cxd5 d6 6. Nc3 g6 7. Bf4 Bg7 8. Qa4+ Bd7 9. Qb3 Qc7 10. h3 0-0 11. e3 a6 12. a4 Bf5 13. Be2 Re8 14. 0-0 Nbd7 15. Nd2 Ne5 16. e4 Bd7 17. Be3 Bc8 18. f4 Ned7 19. Rae1 Rb8 20. Bd3 Nf8 21. Nc4 b5 22. axb5 axb5 23. Nxb5 Qd7 24. Ncxd6 Qxd6 25. Nxd6 Rxb3 26. Bc4 Rxe3 27. Rxe3 Rd8 28. e5 Ne8 29. Ne4 Nd7 30. Rb3 Bh6 31. h4 Bf8 32. d6 Ng7 33. g4 Ne6 34. Bxe6 fxe6 35. Rc1 Bg7 36. Kg2 Ba6 37. Nxc5 Nxc5 38. Rxc5 g5 39. hxg5 h6 40. f5 Be2 41. fxe6 Bxg4 42. e7 Ra8 43. Ra5 Rc8 44. Rc3 Rb8 45. Raa3 Rxb2+ 46. Kg3 Bd7 47. e6 Bc6 48. Rc5 Kh7 49. e8Q Bxe8 1-0

[Event "Voronezh op-B 23rd"]
[Site "Voronezh"]
[Date "2019.06.16"]
[Round "5"]
[White "Volodin, Konstantin"]
[Black "Rudakov, Sergey S"]
[Result "1-0"]
[WhiteElo "1726"]
[BlackElo "1880"]
[PlyCount "56"]
[EventDate "2019.06.12"]
[EventType "swiss"]
[EventRounds "9"]
[EventCountry "RUS"]
[SourceTitle "EXT 2020"]
[Source "ChessBase"]
[SourceDate "2019.10.17"]
[SourceVersion "1"]
[SourceVersionDate "2019.10.17"]
[SourceQuality "1"]

1. Nf3 d5 2. c4 e6 3. d4 Nf6 4. e3 b6 5. cxd5 exd5 6. Nc3 Be7 7. Bb5+ c6 8. Be2 0-0 9. 0-0 Bf5 10. Ne5 Bd6 11. Bd3 Bxd3 12. Qxd3 Re8 13. f4 Qc8 14. Bd2 b5 15. Rac1 a6 16. Rc2 c5 17. dxc5 Bxe5 18. fxe5 Rxe5 19. Rxf6 gxf6 20. Nxd5 Qd8 21. e4 Nc6 22. Bc3 Re6 23. Qg3+ Kh8 24. Rf2 Qg8 25. Qh4 Ne5 26. Nxf6 Qg6 27. Ng4 Qxe4 28. Nxe5 Rxe5 1-0

[Event "Voronezh School op"]
[Site "Voronezh"]
[Date "2015.05.20"]
[Round "2"]
[White "Sokolovsky, Victor"]
[Black "Volodin, Konstantin"]
[Result "1-0"]
[WhiteElo "1980"]
[BlackElo "1874"]
[PlyCount "69"]
[EventDate "2015.05.19"]
[EventType "swiss"]
[EventRounds "9"]
[EventCountry "RUS"]
[SourceTitle "EXT 2016"]
[Source "ChessBase"]
[SourceDate "2015.10.08"]
[SourceVersion "1"]
[SourceVersionDate "2015.10.08"]
[SourceQuality "1"]

1. e4 c5 2. Nf3 d6 3. d4 cxd4 4. Nxd4 Nf6 5. Nc3 a6 6. Be2 e6 7. Be3 Qc7 8. g4 b5 9. g5 Nfd7 10. a3 Ne5 11. f4 Nc4 12. Bxc4 Qxc4 13. f5 e5 14. Nb3 Bb7 15. Qg4 Qc7 16. 0-0-0 Nd7 17. f6 Nb6 18. Bxb6 Qxb6 19. Nd5 Qd8 20. Rhf1 Bc8 21. Qf3 Be6 22. Nc5 dxc5 23. Ne7 Qc7 24. Nd5 Qb8 25. h4 b4 26. axb4 cxb4 27. fxg7 Bxg7 28. h5 Bxd5 29. exd5 h6 30. d6 Qd8 31. d7+ Ke7 32. Qb3 f6 33. Qxb4+ Kf7 34. g6+ Kg8 35. Qc4+ 1-0

[Event "Voronezh School op"]
[Site "Voronezh"]
[Date "2015.05.19"]
[Round "1"]
[White "Volodin, Konstantin"]
[Black "Lukovnikov, Alexander"]
[Result "0-1"]
[WhiteElo "1874"]
[BlackElo "2229"]
[PlyCount "68"]
[EventDate "2015.05.19"]
[EventType "swiss"]
[EventRounds "9"]
[EventCountry "RUS"]
[SourceTitle "EXT 2016"]
[Source "ChessBase"]
[SourceDate "2015.10.08"]
[SourceVersion "1"]
[SourceVersionDate "2015.10.08"]
[SourceQuality "1"]

1. c4 f5 2. Nf3 Nf6 3. g3 d6 4. Bg2 e5 5. d3 Be7 6. Nc3 0-0 7. 0-0 Qe8 8. Nd5 Bd8 9. b4 c6 10. Nxf6+ Bxf6 11. Rb1 Be6 12. b5 Nd7 13. Ng5 Bxg5 14. bxc6 bxc6 15. Bxg5 f4 16. gxf4 exf4 17. Qd2 Qf7 18. Bxc6 Rac8 19. Bxd7 Bxd7 20. Rb7 f3 21. Bh4 fxe2 22. Qxe2 Rce8 23. Qd2 Qf3 24. Rxd7 Qg4+ 25. Bg3 Qxd7 26. Qb4 Rf6 27. d4 Qg4 28. Qb5 Ref8 29. Qd5+ Kh8 30. c5 dxc5 31. dxc5 h5 32. Qg2 Rg6 33. Kh1 h4 34. f3 Qf5 0-1

[Event "Voronezh Zagorovsky Memorial"]
[Site "Voronezh"]
[Date "2014.07.05"]
[Round "5"]
[White "Volodin, Konstantin"]
[Black "Popov, Kirill"]
[Result "0-1"]
[WhiteElo "1873"]
[BlackElo "2239"]
[PlyCount "52"]
[EventDate "2014.07.01"]
[EventType "swiss"]
[EventRounds "9"]
[EventCountry "RUS"]
[SourceTitle "CBM 161 Extra"]
[Source "ChessBase"]
[SourceDate "2014.08.29"]
[SourceVersion "1"]
[SourceVersionDate "2014.08.29"]
[SourceQuality "1"]

1. c4 Nf6 2. g3 g6 3. Bg2 Bg7 4. Nf3 d6 5. Nc3 0-0 6. 0-0 Nc6 7. d3 e5 8. Bd2 h6 9. Rb1 a5 10. a3 Be6 11. b4 axb4 12. axb4 Qd7 13. b5 Ne7 14. Re1 Bh3 15. Bh1 Ng4 16. Nd5 Nxd5 17. cxd5 f5 18. b6 e4 19. Nh4 g5 20. Ng2 f4 21. gxf4 gxf4 22. Nxf4 Nxf2 23. Kxf2 Bd4+ 24. e3 Rxf4+ 25. Kg3 Rg4+ 26. Kf2 Rf8+ 0-1

[Event "Voronezh Zagorovsky Memorial"]
[Site "Voronezh"]
[Date "2014.07.03"]
[Round "3"]
[White "Volodin, Konstantin"]
[Black "Kozlov, Sergej A"]
[Result "1-0"]
[WhiteElo "1873"]
[BlackElo "1989"]
[PlyCount "86"]
[EventDate "2014.07.01"]
[EventType "swiss"]
[EventRounds "9"]
[EventCountry "RUS"]
[SourceTitle "CBM 161 Extra"]
[Source "ChessBase"]
[SourceDate "2014.08.29"]
[SourceVersion "1"]
[SourceVersionDate "2014.08.29"]
[SourceQuality "1"]

1. c4 e6 2. Nf3 d5 3. g3 Nf6 4. Bg2 Bd7 5. Ne5 Bc6 6. Nxc6 Nxc6 7. 0-0 dxc4 8. Na3 Be7 9. Nxc4 0-0 10. a3 Nd5 11. b4 Bf6 12. Bb2 Bxb2 13. Nxb2 Qf6 14. Na4 Rfd8 15. Nc5 Rab8 16. e3 Qe7 17. Qc2 Ne5 18. d4 Nd7 19. Nd3 c6 20. Rfb1 Rbc8 21. Qb2 N7b6 22. Rc1 Qg5 23. h4 Qe7 24. a4 Rc7 25. a5 Nd7 26. e4 N5f6 27. a6 b6 28. Rc2 Rdc8 29. Rac1 h6 30. b5 c5 31. Nb4 Nb8 32. dxc5 Rxc5 33. e5 Rxc2 34. Rxc2 Rxc2 35. exf6 Rc1+ 36. Qxc1 Qxb4 37. Qc8+ Qf8 38. Qb7 Qd6 39. Qxa7 Qd1+ 40. Kh2 Nd7 41. Qa8+ Kh7 42. Qe4+ g6 43. a7 Nxf6 1-0

[Event "Voronezh Zagorovsky Memorial"]
[Site "Voronezh"]
[Date "2014.07.02"]
[Round "2"]
[White "Avtsynov, Artyom"]
[Black "Volodin, Konstantin"]
[Result "1/2-1/2"]
[WhiteElo "2033"]
[BlackElo "1873"]
[PlyCount "79"]
[EventDate "2014.07.01"]
[EventType "swiss"]
[EventRounds "9"]
[EventCountry "RUS"]
[SourceTitle "CBM 161 Extra"]
[Source "ChessBase"]
[SourceDate "2014.08.29"]
[SourceVersion "1"]
[SourceVersionDate "2014.08.29"]
[SourceQuality "1"]

1. e4 c5 2. c3 d6 3. d4 b6 4. Nf3 Qc7 5. Bf4 Nd7 6. Bd3 e5 7. Bg3 Ngf6 8. 0-0 Be7 9. Nbd2 0-0 10. Qe2 Nh5 11. dxe5 Nxg3 12. hxg3 Nxe5 13. Nxe5 dxe5 14. f4 Bf6 15. f5 Rd8 16. Bc4 Bb7 17. Nf3 Bc6 18. Rfd1 Rxd1+ 19. Rxd1 Rd8 20. Bd5 h6 21. c4 Be8 22. Nd2 a6 23. Nb1 b5 24. Rd3 Qa5 25. a3 Rb8 26. Qd2 Qb6 27. b3 Kh7 28. Qe2 Qa5 29. Qd2 Qc7 30. Qe2 Qe7 31. Nd2 Qa7 32. Kh1 Qc7 33. Nb1 Qb6 34. Kg1 Be7 35. Qb2 Bf6 36. Qe2 Rd8 37. Kh1 Be7 38. Kg1 Qf6 39. Nd2 Qg5 40. Qe3 1/2-1/2

[Event "Voronezh op-B 18th"]
[Site "Voronezh"]
[Date "2014.06.16"]
[Round "5"]
[White "Volodin, Konstantin"]
[Black "Kolyuzhnov, Vladislav"]
[Result "1/2-1/2"]
[WhiteElo "1878"]
[BlackElo "1651"]
[PlyCount "66"]
[EventDate "2014.06.12"]
[EventType "swiss"]
[EventRounds "9"]
[EventCountry "RUS"]
[SourceTitle "EXT 2015"]
[Source "ChessBase"]
[SourceDate "2014.11.20"]
[SourceVersion "1"]
[SourceVersionDate "2014.11.20"]
[SourceQuality "1"]

1. Nf3 d5 2. g3 Nf6 3. Bg2 c5 4. 0-0 Nc6 5. c4 d4 6. d3 e5 7. e3 Be7 8. exd4 exd4 9. Na3 0-0 10. Bf4 Bf5 11. Ne5 Nxe5 12. Bxe5 Bd6 13. Bxf6 Qxf6 14. Bxb7 Rab8 15. Bg2 Rxb2 16. Nb5 a6 17. Nxd6 Qxd6 18. Qf3 Qg6 19. Qd5 Bxd3 20. Rfe1 Qf5 21. Qxf5 Bxf5 22. Re5 g6 23. Rxc5 Re8 24. Rd5 d3 25. Bf3 d2 26. Kg2 Be4 27. Bxe4 Rxe4 28. Rd1 Rxa2 29. R1xd2 Rxd2 30. Rxd2 Rxc4 31. Ra2 Rc6 32. h4 Kg7 33. Ra5 f5 1/2-1/2

[Event "Voronezh op-B 18th"]
[Site "Voronezh"]
[Date "2014.06.15"]
[Round "4"]
[White "Sychev, Victor"]
[Black "Volodin, Konstantin"]
[Result "1-0"]
[WhiteElo "1736"]
[BlackElo "1878"]
[PlyCount "70"]
[EventDate "2014.06.12"]
[EventType "swiss"]
[EventRounds "9"]
[EventCountry "RUS"]
[SourceTitle "EXT 2015"]
[Source "ChessBase"]
[SourceDate "2014.11.20"]
[SourceVersion "1"]
[SourceVersionDate "2014.11.20"]
[SourceQuality "1"]

1. e4 e6 2. d4 d5 3. Nd2 Nf6 4. e5 Nfd7 5. c3 c5 6. f4 Nc6 7. Ngf3 Qb6 8. Nb3 a5 9. a4 Be7 10. Bb5 0-0 11. 0-0 cxd4 12. Nbxd4 Nc5 13. Kh1 Bd7 14. Be3 Qc7 15. Bg1 f6 16. Qe2 Ne4 17. c4 fxe5 18. Bxc6 exd4 19. Bxd7 Qxd7 20. Ne5 Qd6 21. Bxd4 Qb4 22. Qg4 Qd6 23. Rad1 Rf5 24. cxd5 Nf6 25. Qe2 Nxd5 26. Nc4 Qc6 27. Ne5 Qxa4 28. Ng4 Nxf4 29. Rxf4 Rxf4 30. Qxe6+ Rf7 31. Rf1 Qxd4 32. Qxf7+ Kh8 33. Qxe7 h5 34. Ne5 Qxb2 35. Ng6+ Kh7 1-0

[Event "Voronezh Rating op 06"]
[Site "Voronezh"]
[Date "2014.05.31"]
[Round "2"]
[White "Volodin, Konstantin"]
[Black "Shabunin, Danil"]
[Result "1-0"]
[WhiteElo "1905"]
[BlackElo "1739"]
[PlyCount "71"]
[EventDate "2014.05.30"]
[EventType "swiss"]
[EventRounds "7"]
[EventCountry "RUS"]
[SourceTitle "EXT 2015"]
[Source "ChessBase"]
[SourceDate "2014.11.20"]
[SourceVersion "1"]
[SourceVersionDate "2014.11.20"]
[SourceQuality "1"]

1. c4 e5 2. g3 f5 3. Bg2 Nf6 4. Nc3 Bc5 5. Nf3 Nc6 6. 0-0 0-0 7. Nxe5 Nxe5 8. d4 Bxd4 9. Qxd4 d6 10. b3 Qe7 11. Bg5 c6 12. Rad1 Rd8 13. e4 h6 14. f4 c5 15. Bxf6 gxf6 16. Nd5 Qf7 17. Qd2 Nc6 18. e5 dxe5 19. fxe5 fxe5 20. Qxh6 Qg7 21. Qh4 Be6 22. Nf6+ Kf7 23. Nh5 Qh6 24. Bd5 Nd4 25. Rxd4 Rxd5 26. cxd5 cxd4 27. dxe6+ Qxe6 28. Qg5 f4 29. gxf4 e4 30. f5 Qe5 31. Qg6+ Ke7 32. f6+ Kd7 33. Qf7+ Kc6 34. Nf4 e3 35. Rc1+ Kd6 36. Qc7# 1-0

[Event "Voronezh Rating op 06"]
[Site "Voronezh"]
[Date "2014.05.30"]
[Round "1"]
[White "Volodin, Konstantin"]
[Black "Kostin, Alexey"]
[Result "0-1"]
[WhiteElo "1905"]
[BlackElo "2303"]
[PlyCount "70"]
[EventDate "2014.05.30"]
[EventType "swiss"]
[EventRounds "7"]
[EventCountry "RUS"]
[SourceTitle "EXT 2015"]
[Source "ChessBase"]
[SourceDate "2014.11.20"]
[SourceVersion "1"]
[SourceVersionDate "2014.11.20"]
[SourceQuality "1"]

1. Nf3 Nf6 2. c4 e6 3. g3 b6 4. Bg2 Bb7 5. d3 Be7 6. 0-0 0-0 7. Nc3 c5 8. Bf4 d5 9. Nb5 a6 10. Na3 d4 11. Nc2 a5 12. b3 Bd6 13. Bd2 h6 14. a3 e5 15. b4 Nc6 16. Nh4 Qd7 17. bxa5 Nxa5 18. Rb1 Bxg2 19. Kxg2 Bc7 20. f3 g5 21. g4 Nxg4 22. Kh1 Nf6 23. Rg1 Qh3 24. Qe1 e4 25. f4 e3 26. Bxa5 Bxf4 27. Nf3 bxa5 28. Rb5 Rfc8 29. Rxa5 Rxa5 30. Qxa5 Ng4 31. Rg2 Bxh2 32. Nxh2 Nxh2 33. Kg1 Ng4 34. Ne1 Qh4 35. Nf3 Rb8 0-1

[Event "Voronezh Rating op 03-B"]
[Site "Voronezh"]
[Date "2014.03.20"]
[Round "1"]
[White "Volodin, Konstantin"]
[Black "Kornev, Sergey"]
[Result "0-1"]
[WhiteElo "1906"]
[BlackElo "1613"]
[PlyCount "82"]
[EventDate "2014.03.20"]
[EventType "swiss"]
[EventRounds "9"]
[EventCountry "RUS"]
[SourceTitle "EXT 2015"]
[Source "ChessBase"]
[SourceDate "2014.11.20"]
[SourceVersion "1"]
[SourceVersionDate "2014.11.20"]
[SourceQuality "1"]

1. c4 d5 2. cxd5 Qxd5 3. Nc3 Qd8 4. g3 Nf6 5. Bg2 c6 6. d4 e6 7. e4 Nbd7 8. Nge2 Be7 9. 0-0 h5 10. h3 Qc7 11. Bf4 e5 12. dxe5 Nxe5 13. Qd4 Bd6 14. Rfd1 Bxh3 15. Qxd6 Qxd6 16. Rxd6 Bxg2 17. Bxe5 Bf3 18. Bxf6 gxf6 19. Rxf6 Bg4 20. f3 Ke7 21. Rf4 Be6 22. Nd4 Rhg8 23. Nxe6 fxe6 24. Kf2 Rg5 25. Rh1 Rag8 26. Rh3 b5 27. Rfh4 b4 28. Ne2 Ra5 29. a3 bxa3 30. bxa3 Rgg5 31. f4 Rgb5 32. g4 hxg4 33. Rxg4 Rb2 34. e5 Ra4 35. Rh7+ Kf8 36. Rgh4 Re4 37. Rh8+ Kg7 38. R4h7+ Kg6 39. Rxa7 Rbxe2+ 40. Kg3 R4e3+ 41. Kg4 Rg2+ 0-1

[Event "Voronezh Region-ch Seniors"]
[Site "Voronezh"]
[Date "2013.11.24"]
[Round "9"]
[White "Leun, Victor"]
[Black "Volodin, Konstantin"]
[Result "0-1"]
[WhiteElo "1879"]
[BlackElo "1945"]
[PlyCount "44"]
[EventDate "2013.11.15"]
[EventType "swiss"]
[EventRounds "9"]
[EventCountry "RUS"]
[SourceTitle "EXT 2015"]
[Source "ChessBase"]
[SourceDate "2014.11.20"]
[SourceVersion "1"]
[SourceVersionDate "2014.11.20"]
[SourceQuality "1"]

1. e4 c5 2. Nc3 d6 3. g3 g6 4. Bg2 Bg7 5. d3 e6 6. f4 Ne7 7. Nf3 0-0 8. 0-0 a6 9. Be3 Qc7 10. d4 b5 11. e5 Nf5 12. Bf2 Bb7 13. exd6 Nxd6 14. dxc5 Ne4 15. Nxe4 Bxe4 16. Qc1 Nd7 17. Ne5 Bxg2 18. Nxd7 Bxf1 19. Nxf8 Bh3 20. Nxg6 hxg6 21. Qe1 Bxb2 22. Qe4 Rd8 0-1

[Event "Voronezh op-B 17th"]
[Site "Voronezh"]
[Date "2013.06.19"]
[Round "8"]
[White "Dilshodbek, Aytolkun"]
[Black "Volodin, Konstantin"]
[Result "0-1"]
[WhiteElo "1750"]
[BlackElo "1889"]
[PlyCount "56"]
[EventDate "2013.06.12"]
[EventType "swiss"]
[EventRounds "9"]
[EventCountry "RUS"]
[SourceTitle "EXT 2014"]
[Source "ChessBase"]
[SourceDate "2013.11.20"]
[SourceVersion "1"]
[SourceVersionDate "2013.11.20"]
[SourceQuality "1"]

1. d4 Nf6 2. Bg5 d5 3. Bxf6 exf6 4. e3 c5 5. dxc5 Bxc5 6. c3 0-0 7. Nf3 Qb6 8. Qc1 f5 9. Be2 f4 10. Nd4 fxe3 11. fxe3 Nc6 12. 0-0 Bd7 13. Nd2 Rae8 14. N2b3 Bd6 15. Bf3 a5 16. a4 Ne5 17. h3 Nc4 18. Re1 Bb8 19. Bd1 Rxe3 20. Rxe3 Bf4 21. Kh1 Bxe3 22. Qc2 Bf4 23. Bf3 Bb8 24. g4 Qh6 25. Bg2 Bxg4 26. Qc1 Qd6 27. Qg1 Qh6 28. Qf1 Ne3 0-1

[Event "Voronezh op-B 17th"]
[Site "Voronezh"]
[Date "2013.06.12"]
[Round "1"]
[White "Volodin, Konstantin"]
[Black "Kuznetsov, Nikolay P"]
[Result "0-1"]
[WhiteElo "1889"]
[BlackElo "2167"]
[PlyCount "60"]
[EventDate "2013.06.12"]
[EventType "swiss"]
[EventRounds "9"]
[EventCountry "RUS"]
[SourceTitle "EXT 2014"]
[Source "ChessBase"]
[SourceDate "2013.11.20"]
[SourceVersion "1"]
[SourceVersionDate "2013.11.20"]
[SourceQuality "1"]

1. c4 Nf6 2. g3 c6 3. Bg2 d5 4. Nf3 e6 5. 0-0 Bd6 6. d4 0-0 7. Nbd2 b6 8. Qc2 Bb7 9. Rd1 Nbd7 10. e4 Nxe4 11. Nxe4 dxe4 12. Ng5 Nf6 13. Nxe4 Nxe4 14. Bxe4 f5 15. Bg2 Qe7 16. f4 c5 17. d5 exd5 18. cxd5 Rae8 19. Bd2 Qf7 20. Bc3 Re7 21. Qd3 Rd8 22. Rd2 Rde8 23. Rad1 a6 24. a4 Re3 25. Qc4 Qd7 26. Bf1 h5 27. Re2 b5 28. axb5 axb5 29. Rxe3 bxc4 30. Rxe8+ Qxe8 0-1

[Event "Voronezh Spring"]
[Site "Voronezh"]
[Date "2013.05.15"]
[Round "?"]
[White "Katkov, Vitaly"]
[Black "Volodin, Konstantin"]
[Result "1-0"]
[WhiteElo "2106"]
[BlackElo "1868"]
[PlyCount "107"]
[EventDate "2013.05.07"]
[EventType "tourn"]
[EventRounds "11"]
[EventCountry "RUS"]
[SourceTitle "EXT 2014"]
[Source "ChessBase"]
[SourceDate "2013.11.20"]
[SourceVersion "1"]
[SourceVersionDate "2013.11.20"]
[SourceQuality "1"]

1. e4 c5 2. Nf3 d6 3. Bb5+ Nd7 4. 0-0 a6 5. Bxd7+ Bxd7 6. d4 cxd4 7. Qxd4 e6 8. Nc3 Qc7 9. Rd1 Rc8 10. Bf4 e5 11. Nxe5 dxe5 12. Bxe5 Qc6 13. Bxg7 Bxg7 14. Qxg7 Qf6 15. Qg3 Ne7 16. Rd6 Be6 17. Rad1 Rg8 18. Nd5 Bxd5 19. Rxf6 Rxg3 20. hxg3 Bxe4 21. c3 Bg6 22. Rfd6 Nc6 23. Re1+ Kf8 24. Rd7 b5 25. f3 Bf5 26. Rd6 Be6 27. Kf2 Ke7 28. Red1 Bxa2 29. Rh6 Bb3 30. Re1+ Kf8 31. Rxh7 Kg8 32. Rh6 Kg7 33. Rd6 Rc7 34. Re8 a5 35. f4 Be6 36. Kf3 a4 37. g4 Na5 38. f5 Nc4 39. Ra6 Bc8 40. f6+ Kh7 41. Re7 Bxa6 42. Rxc7 Nxb2 43. Rxf7+ Kg6 44. Ra7 Bc8 45. g5 Be6 46. Rg7+ Kf5 47. g4+ Ke5 48. f7 Bxf7 49. Rxf7 a3 50. Rf5+ Kd6 51. Rxb5 Kc6 52. Ra5 Nc4 53. Ra8 Kb5 54. Rxa3 1-0

[Event "Voronezh Spring"]
[Site "Voronezh"]
[Date "2013.05.11"]
[Round "?"]
[White "Aleksandrov, Victor"]
[Black "Volodin, Konstantin"]
[Result "0-1"]
[WhiteElo "1858"]
[BlackElo "1868"]
[PlyCount "46"]
[EventDate "2013.05.07"]
[EventType "tourn"]
[EventRounds "11"]
[EventCountry "RUS"]
[SourceTitle "EXT 2014"]
[Source "ChessBase"]
[SourceDate "2013.11.20"]
[SourceVersion "1"]
[SourceVersionDate "2013.11.20"]
[SourceQuality "1"]

1. d4 Nf6 2. c4 e6 3. a3 c5 4. e3 cxd4 5. exd4 d5 6. Nf3 Be7 7. Be2 dxc4 8. Bxc4 0-0 9. 0-0 b6 10. Nc3 Bb7 11. Qe2 Nc6 12. Rd1 Rc8 13. Bd3 Nd5 14. Nxd5 Qxd5 15. Be4 Qh5 16. h3 Rfd8 17. Be3 h6 18. Rac1 Bg5 19. Bxg5 hxg5 20. d5 exd5 21. Bxd5 g4 22. hxg4 Qxg4 23. Ba2 Nd4 0-1